Atletismo : iniciación y perfeccionamiento /

Bibliographic Details
Main Author: Polischuk, Vitaliy (Author)
Other Authors: Ruiz Villar, Antonio J. (contributor agent of text.), Gridtehina, Olga (Translator)
Format: Electronic eBook
Language:Spanish
Russian
Published: [Barcelona] : Paidotribo, [2018]
Edition:3a edición.
Series:Colección Deporte (Editorial Paidotribo)
Subjects:
Online Access:Digitalia Hispánica

MARC

LEADER 00000nam a2200000Ii 4500
001 DIGEDPBR0374
003 NyNyDIG
006 m o d
007 cr |||||||||||
008 260105s2018 sp a ob 000 0 spa d
035 |a (OCoLC)1570096647 
040 |a DGITA  |b eng  |e rda  |e pn  |c DGITA 
020 |a 9788499109572  |q ePub 
020 |z 9788480192828 
041 1 |a spa  |h rus 
050 1 4 |a GV711 ebook 
100 1 |a Polischuk, Vitaliy,  |e author. 
245 1 0 |a Atletismo :  |b iniciación y perfeccionamiento /  |c por Vitaliy Polischuk ; revisado y adaptado por Antonio J. Ruiz Villar ; traducción, Olga Gridtehina. 
250 |a 3a edición. 
264 1 |a [Barcelona] :  |b Paidotribo,  |c [2018] 
300 |a 1 online resource :  |b illustrations. 
336 |a text  |b txt  |2 rdacontent 
337 |a computer  |b c  |2 rdamedia 
338 |a online resource  |b cr  |2 rdacarrier 
347 |a text file  |2 rdaft 
347 |b EPUB 
490 1 |a Colección Deporte 
504 |a Includes bibliographical references. 
588 0 |a Online resource; title from ePub title page (Digitalia, viewed January 5, 2026) 
650 0 |a Coaching (Athletics) 
650 0 |a Physical education and training. 
700 1 |a Ruiz Villar, Antonio J.,  |e contributor agent of text. 
700 1 |a Gridtehina, Olga,  |e translator. 
791 2 |a Digitalia (Firm),  |e distributor. 
793 0 |g Digitalia eBook Collection:  |a Editorial Paidotribo 
776 0 8 |i Print version:  |a Polischuk, Vitaliy.  |t Atletismo.  |b 3a edición, 5a reimpresión.  |d [Barcelona] : Paidotribo, [2018]  |z 9788480192828 
830 0 |a Colección Deporte (Editorial Paidotribo) 
856 4 0 |3 Digitalia Hispánica  |u https://www.digitaliapublishing.com/a/160023/ 
910 |a Premium collection: 2026